FC Bayern Rückennummerhistorie #10 - Statistiken

Allgemein
  • Dieses Quiz wurde 68 mal gespielt
  • Das Durchschnittsergebnis liegt bei 8 aus 42
Antwortstatistiken
Hint Antwort % Korrekt
2009-2019 Arjen Robben
95%
2020-2025 Leroy Sane
95%
seit 2025/26 Jamal Musiala
92%
1992-2000 Lothar Matthäus
74%
2019/20 Philippe Coutinho
63%
1994-96; 1992/93 Mehmet Scholl
53%
1977/78; 1971-76 Uli Hoeneß
52%
1990-92 Stefan Effenberg
47%
2003-2007 Roy Makaay
45%
1975/76 Karl-Heinz Rummenigge
44%
1983-88 Michael Rummenigge
44%
1973/74 Paul Breitner
23%
2000-2002; 1995/96 Ciriaco Sforza
16%
1995/96 Andreas Herzog
13%
1988-92 Olaf Thon
11%
1990-92 Christian Ziege
8%
1991/92 Brian Laudrup
6%
1985-88 Ludwig Kögl
6%
1991/92 Michael Sternkopf
6%
1988/89 Armin Eck
5%
1978/79 Bernd Dürnberger
5%
1966/67; 1962/63 Rainer Ohlhauser
5%
1973/74 Conny Torstensson
3%
1973/74 Edgar Schneider
3%
1989/90; 1987/88 Hans Dorfner
3%
1991/92 Manfred Bender
3%
1983-86 Norbert Nachtweih
3%
1989/90 Radmilo Mihajlovic
3%
1983-85; 1981/82 Reinhold Mathy
3%
1984/85 Roland Wohlfarth
3%
1989-92 Thomas Strunz
3%
1980/81 Jürgen Röber
2%
1982-84; 1980/81 Karl Del'Haye
2%
1979/80 Wolfgang Kraus
2%
1973/74 Bernd Gersdorff
0%
1978-80 Branko Oblak
0%
1966/67 Dieter Koulmann
0%
1981/82 Günter Güttler
0%
1962/63 Jakob Drescher
0%
1976/77 Josef Weiß
0%
1980/81 Kurt Niedermayer
0%
1983-85;1980-82 Wolfgang Demmler
0%
Keine übereinstimmenden Quizze gefunden
Verteilung der Resultate
Anzahl Personen mit jedem Resultat
Perzentil nach korrekt beantworteten Fragen
Ihre Resultats-Entwicklung
Sie haben dieses Quiz noch nicht gespielt